[Event "Wijk aan Zee NED"]
[Site "Wijk aan Zee NED"]
[Date "1985.??.??"]
[Round "?"]
[White "Timman, Jan Hein"]
[Black "Beliavsky, Alexander G"]
[Result "1-0"]
[WhiteElo "2650"]
[BlackElo "2635"]
[PlyCount "85"]
[EventDate "1985.??.??"]
[Source "www.chesslib.no"]
[SourceDate "2004.05.04"]

1. d4 Nf6 2. Nf3 e6 3. Bg5 c5 4. e3 d5 5. Nbd2 Be7 6. c3 Nc6 7. Bd3 Nd7 8. Bxe7 Qxe7 9. O-O O-O 10. Re1 Qf6 11. Bb5 Qd8 12. Rc1 Qb6 13. Bxc6 bxc6 14. Qc2 a5 15. Ng5 g6 16. dxc5 Qxc5 17. e4 Ba6 18. e5 Qe7 19. Ngf3 f6 20. c4 Rae8 21. Qc3 Qb4 22. exf6 Rxf6 23. Ne5 Qxc3 24. Rxc3 Nxe5 25. Rxe5 Rb8 26. b3 a4 27. f3 axb3 28. axb3 Kf7 29. Re1 Bc8 30. cxd5 exd5 31. f4 Rb6 32. g3 Re6 33. Rec1 Ke7 34. Nf3 Bd7 35. Ne5 g5 36. Nxd7 Kxd7 37. fxg5 Re2 38. Rf3 Ra6 39. Rf7+ Kd6 40. Rcf1 d4 41. Rxh7 Raa2 42. g6 Rg2+ 43. Kh1 1-0

[Event "KasparovChess GP g/60"]
[Site "Internet"]
[Date "2000.02.11"]
[Round "1.1"]
[White "Sokolov, Ivan"]
[Black "Van Wely, Loek"]
[Result "1/2-1/2"]
[WhiteElo "2637"]
[BlackElo "2646"]
[PlyCount "45"]
[EventDate "2000.02.09"]
[Source "ChessBase"]
[SourceDate "2000.05.31"]

1. d4 d5 2. Nf3 Nf6 3. Bg5 Ne4 4. Bh4 c5 5. dxc5 Qa5+ 6. Nbd2 Nc6 7. e3 Bg4 8. Be2 e6 9. O-O Nxd2 10. Nxd2 Bxe2 11. Qxe2 Qxc5 12. c4 dxc4 13. Rfc1 Be7 14. Rxc4 Qb6 15. Bxe7 Nxe7 16. Nb3 O-O 17. Nc5 Rfd8 18. Rac1 Rd5 19. h3 Rad8 20. R4c2 h6 21. a3 a5 22. Na4 Qb3 23. Nc5 1/2-1/2

[Event "Hoogovens"]
[Site "Merrillville"]
[Date "1997.11.28"]
[Round "2"]
[White "Piket, Jeroen"]
[Black "Timman, Jan H"]
[Result "1/2-1/2"]
[WhiteElo "2630"]
[BlackElo "2625"]
[PlyCount "54"]
[EventDate "1997.11.28"]
[Source "ChessBase"]
[SourceDate "1998.01.31"]

1. Nf3 Nf6 2. d4 e6 3. Bg5 c5 4. e3 Be7 5. Nbd2 d5 6. c3 Nbd7 7. Bd3 b6 8. O-O Bb7 9. a4 O-O 10. b4 cxb4 11. cxb4 h6 12. Bxf6 Nxf6 13. Qb3 Ne4 14. b5 Qd6 15. Rfc1 Rfc8 16. Bxe4 dxe4 17. Ne5 Rc7 18. Rxc7 Qxc7 19. Nc6 Bd6 20. Rc1 Bxh2+ 21. Kf1 Bd6 22. Nxe4 Bf8 23. f4 a6 24. Kf2 axb5 25. axb5 Qd7 26. Qc4 Rc8 27. Rc2 Kh8 1/2-1/2

[Event "Deutschland 75/329"]
[Site "?"]
[Date "1999.??.??"]
[Round "?"]
[White "Rogers, Ian"]
[Black "Almasi, Zoltan"]
[Result "0-1"]
[WhiteElo "2605"]
[BlackElo "2650"]
[PlyCount "76"]
[EventDate "1999.??.??"]
[Source "ChessBase"]
[SourceDate "1999.02.01"]

1. d4 Nf6 2. Nf3 d5 3. Bg5 c5 4. Bxf6 gxf6 5. e3 Qb6 6. Nc3 e6 7. a3 Bd7 8. Rb1 Nc6 9. Bb5 O-O-O 10. O-O Kb8 11. Be2 Rg8 12. Qd3 cxd4 13. exd4 Rg6 14. b4 Qc7 15. Nb5 Qb6 16. Nc3 Ne7 17. b5 Nc8 18. Na4 Qc7 19. Rb3 e5 20. Qc3 Qxc3 21. Nxc3 Be6 22. Nd1 Bg7 23. Re3 e4 24. Nh4 Rh6 25. g3 f5 26. Rb3 f4 27. c3 Rxh4 28. gxh4 f3 29. Bxf3 exf3 30. Ne3 Nd6 31. Rb2 Ne4 32. Rc2 Bh6 33. Re1 f5 34. c4 dxc4 35. d5 Rg8+ 36. Kh1 Bxe3 37. Rxe3 Bxd5 38. Re1 c3 0-1

[Event "XX Carlos Torre Wimbledon"]
[Site "Merida MEX"]
[Date "2007.12.20"]
[Round "2.2"]
[White "Meier, Geo"]
[Black "Harikrishna, P."]
[Result "1/2-1/2"]
[WhiteElo "2558"]
[BlackElo "2668"]
[PlyCount "30"]
[EventDate "2007.12.19"]
[Source "www.chesslib.no"]
[SourceDate "2004.05.04"]

1. d4 d5 2. Nf3 Nf6 3. Bg5 Ne4 4. Bf4 c6 5. Nbd2 Nxd2 6. Nxd2 Bf5 7. e3 e6 8. c4 Bd6 9. Bxd6 Qxd6 10. Be2 O-O 11. O-O Nd7 12. Qb3 Rab8 13. Rac1 Rfe8 14. Rfd1 Qe7 15. Qc3 Nf6 1/2-1/2

[Event "Hastings"]
[Site "?"]
[Date "1989.??.??"]
[Round "?"]
[White "Yusupov, A."]
[Black "Speelman, J."]
[Result "1-0"]
[WhiteElo "2610"]
[BlackElo "2615"]
[PlyCount "97"]
[EventDate "1989.??.??"]
[Source "ChessBase"]
[SourceDate "1990.01.01"]

1. d4 Nf6 2. Nf3 e6 3. Bg5 Be7 4. Nbd2 h6 5. Bh4 d5 6. e3 Nbd7 7. c3 c5 8. Bd3 b6 9. Ne5 Nxe5 10. dxe5 Nd7 11. Bxe7 Qxe7 12. f4 Bb7 13. Qe2 O-O-O 14. O-O-O f6 15. exf6 gxf6 16. e4 d4 17. c4 h5 18. g3 Kb8 19. Nf3 b5 20. Rhe1 Nb6 21. Nd2 bxc4 22. Nxc4 e5 23. Kb1 Nxc4 24. Bxc4 f5 25. exf5 e4 26. Ba6 Rhe8 27. Qb5 e3 28. f6 Qe4+ 29. Rd3 Ka8 30. Bxb7+ Qxb7 31. Qxc5 Qe4 32. Qc4 Rf8 33. Ka1 Qd5 34. Qxd5+ Rxd5 35. Rexe3 Rxf6 36. Re2 h4 37. b3 hxg3 38. hxg3 Rh6 39. Kb2 Rh1 40. Rf2 Re1 41. f5 Re3 42. Kc2 Re7 43. f6 Rf7 44. g4 Kb7 45. Rf4 Kc6 46. Rdxd4 Rxd4 47. Rxd4 Rxf6 48. g5 Rf2+ 49. Rd2 1-0

[Event "Polish TV KO"]
[Site "?"]
[Date "1997.06.28"]
[Round "4"]
[White "Malaniuk Vladimir P"]
[Black "Krasenkow Michal"]
[Result "1-0"]
[WhiteElo "2610"]
[BlackElo "2615"]
[PlyCount "71"]
[EventDate "1997.??.??"]
[Source "www.chesslib.no"]
[SourceDate "2004.05.04"]

1. d4 Nf6 2. Nf3 g6 3. c3 Bg7 4. Bg5 d5 5. Nbd2 O-O 6. e3 Nbd7 7. b4 Re8 8. Be2 e5 9. O-O Qe7 10. Rb1 c6 11. Bh4 Qf8 12. c4 Ne4 13. Nxe4 dxe4 14. Nxe5 Nxe5 15. dxe5 Bxe5 16. Qc2 a5 17. c5 axb4 18. Rxb4 b5 19. Bg3 Bxg3 20. hxg3 Re5 21. Rc1 Be6 22. a4 bxa4 23. Rxa4 Rxa4 24. Qxa4 Rxc5 25. Rb1 Bd5 26. Qa7 Qd6 27. Rb8+ Kg7 28. Qa4 Kh6 29. Rg8 f6 30. Rh8 Bf7 31. Qa7 Kg7 32. Rc8 Rc2 33. Rc7 Qd5 34. Rd7 Qb3 35. Rb7 Ra2 36. Rxf7+ 1-0

[Event "VIII Dos Hermanas Internet"]
[Site "ICC INT"]
[Date "2007.03.23"]
[Round "2.4"]
[White "Georgiev, Ki"]
[Black "Amonatov, F."]
[Result "1-0"]
[WhiteElo "2661"]
[BlackElo "2559"]
[PlyCount "125"]
[EventDate "2007.03.23"]
[Source "www.chesslib.no"]
[SourceDate "2004.05.04"]

1. d4 Nf6 2. Nf3 g6 3. c3 Bg7 4. Bg5 O-O 5. Nbd2 d5 6. e3 h6 7. Bh4 b6 8. Bd3 Bb7 9. O-O Nbd7 10. Qe2 Ne4 11. c4 Ndf6 12. Rac1 g5 13. Bg3 Nxg3 14. hxg3 e6 15. Rfd1 dxc4 16. Bxc4 Nd5 17. a3 a5 18. Nb1 Qe7 19. Nc3 Rfd8 20. Nxd5 exd5 21. Bb5 c5 22. a4 Rac8 23. Qd2 Rc7 24. b3 g4 25. Nh4 cxd4 26. Nf5 Qe5 27. Rxc7 Qxc7 28. Nxg7 Kxg7 29. Qxd4+ Kf8 30. Qxg4 Qe5 31. Qd4 Qxd4 32. Rxd4 Rc8 33. b4 Rc1+ 34. Kh2 Rc2 35. Kg1 Rc1+ 36. Kh2 Rc2 37. Kg1 Rb2 38. bxa5 bxa5 39. g4 Ke7 40. f3 Ke6 41. Rf4 Rb3 42. Kf2 Rb2+ 43. Kg3 Rb3 44. Kf2 Rb2+ 45. Kg3 Rb1 46. Rd4 Rb3 47. Kf4 Rb2 48. g3 f6 49. Bd3 Ra2 50. Bb5 Rb2 51. Rd3 Kd6 52. Kf5 Ke7 53. f4 Rg2 54. Rc3 Kd6 55. Kxf6 Rxg3 56. g5 hxg5 57. fxg5 d4 58. Rd3 Rf3+ 59. Kg7 Rxe3 60. Rxd4+ Ke5 61. Rd7 Be4 62. Re7+ Kf5 63. Bc6 1-0

[Event "VIII Dos Hermanas Internet"]
[Site "ICC INT"]
[Date "2007.03.23"]
[Round "2.2"]
[White "Georgiev, Ki"]
[Black "Amonatov, F."]
[Result "1-0"]
[WhiteElo "2661"]
[BlackElo "2559"]
[PlyCount "125"]
[EventDate "2007.03.23"]
[Source "www.chesslib.no"]
[SourceDate "2004.05.04"]

1. d4 d5 2. Nf3 Nf6 3. Bg5 Ne4 4. Bh4 Bf5 5. e3 c6 6. Bd3 Qb6 7. b3 e6 8. O-O Nd7 9. c4 Qc7 10. Qc2 Bd6 11. Nc3 Nxc3 12. Bxf5 exf5 13. Qxc3 O-O 14. cxd5 cxd5 15. Qxc7 Bxc7 16. Rfc1 Bd6 17. Bg3 Bxg3 18. hxg3 Rfc8 19. Kf1 f6 20. Ke2 Kf7 21. Ne1 Ke6 22. Nd3 Kd6 23. Kd2 a5 24. a4 Rab8 25. Rh1 Nf8 26. Rh5 g6 27. Rhh1 b6 28. Rac1 Ra8 29. Rb1 h5 30. Nf4 Rc6 31. Rhc1 Rac8 32. Rxc6+ Rxc6 33. b4 g5 34. Nxh5 Rc4 35. bxa5 bxa5 36. Rb6+ Ke7 37. Nxf6 Rxa4 38. Nxd5+ Kd7 39. Rf6 Ra2+ 40. Kd3 Ne6 41. Rxf5 a4 42. Nc3 Ra1 43. Ra5 a3 44. g4 Nd8 45. Rxg5 Nc6 46. Rg7+ Kd6 47. Nb5+ Ke6 48. Rg6+ Kd7 49. Rd6+ Ke7 50. Rxc6 a2 51. Ra6 Rd1+ 52. Ke4 a1=Q 53. Rxa1 Rxa1 54. Nc3 Rf1 55. f4 Rf2 56. g3 Rc2 57. Kd3 Rh2 58. g5 Rg2 59. Ne2 Ke6 60. e4 Rf2 61. Ke3 Rf1 62. f5+ Kf7 63. d5 1-0

[Event "Las Palmas"]
[Site "?"]
[Date "1994.??.??"]
[Round "?"]
[White "Illescas Cordoba, M."]
[Black "Polgar, Judit"]
[Result "0-1"]
[WhiteElo "2590"]
[BlackElo "2630"]
[PlyCount "170"]
[EventDate "1994.??.??"]
[Source "ChessBase"]
[SourceDate "1994.02.01"]

1. d4 Nf6 2. Nf3 g6 3. Bg5 Bg7 4. c3 O-O 5. Nbd2 d5 6. e3 b6 7. Bd3 Bb7 8. O-O Ne4 9. Bh4 Nd7 10. a4 Qe8 11. a5 h6 12. Qc2 Nxd2 13. Qxd2 Nf6 14. a6 Bc8 15. c4 dxc4 16. Bxc4 c6 17. Qc2 Bf5 18. Bd3 Be6 19. Rac1 Rc8 20. b4 Nd7 21. Qe2 b5 22. Nd2 f5 23. e4 f4 24. d5 cxd5 25. Rxc8 Qxc8 26. Bxe7 Re8 27. Bd6 dxe4 28. Qxe4 Nf6 29. Qxg6 Bf7 30. Qf5 Qxf5 31. Bxf5 Rd8 32. Bxf4 Nd5 33. Bg3 Nxb4 34. Ne4 Nxa6 35. Nd6 b4 36. Nxf7 Kxf7 37. Re1 Bc3 38. Be6+ Kg6 39. Rc1 Nc5 40. Ba2 a5 41. h4 a4 42. Kh2 a3 43. Bf4 Na4 44. g3 Kg7 45. Kh3 Rd7 46. Kg4 Rb7 47. Bb3 Nc5 48. Bc4 Bb2 49. Re1 b3 50. Kh5 Rb6 51. Re7+ Kf8 52. Ra7 a2 53. Be3 Na6 54. Bxa6 a1=Q 55. Bc5+ Ke8 56. Ra8+ Rb8 57. Rxb8+ Kd7 58. Be2 Bd4 59. Bg4+ Kc7 60. Bxd4 Qa5+ 61. Kxh6 Kxb8 62. Kg6 Qb5 63. Bf5 b2 64. f4 Qxf5+ 65. Kxf5 b1=Q+ 66. Kg5 Kc8 67. g4 Kd7 68. h5 Ke6 69. h6 Kf7 70. Bg7 Qc1 71. Be5 Kg8 72. Bg7 Kh7 73. Kf5 Qc2+ 74. Kg5 Qd2 75. Kf5 Qd5+ 76. Kf6 Qd8+ 77. Kf5 Qe7 78. g5 Qd7+ 79. Kf6 Qd3 80. Ke6 Kg6 81. Be5 Qf5+ 82. Kd5 Kf7 83. Kd4 Ke6 84. Ke3 Kd5 85. Kf3 Qh3+ 0-1

[Event "New York 72/340"]
[Site "?"]
[Date "1998.??.??"]
[Round "?"]
[White "Lputian, Smbat G"]
[Black "Atalik, Suat"]
[Result "1/2-1/2"]
[WhiteElo "2610"]
[BlackElo "2595"]
[PlyCount "118"]
[EventDate "1998.??.??"]
[Source "ChessBase"]
[SourceDate "1998.02.01"]

1. d4 Nf6 2. Bg5 c6 3. Nf3 d5 4. e3 Bg4 5. Be2 Nbd7 6. Nbd2 e6 7. c4 Bxf3 8. Bxf3 Bb4 9. O-O Bxd2 10. Qxd2 Ne4 11. Bxe4 Qxg5 12. cxd5 exd5 13. Bd3 O-O 14. b4 g6 15. Rfc1 a6 16. a4 Rfd8 17. g3 Qf6 18. Ra2 Qd6 19. Bf1 Nf6 20. b5 Ne4 21. Qb2 axb5 22. axb5 cxb5 23. Bxb5 Rxa2 24. Qxa2 Qb4 25. Bd3 Nc3 26. Qd2 Rc8 27. Rb1 Qe7 28. Rb3 Qc7 29. Kg2 Qc6 30. Qb2 Nd1 31. Qa1 Nc3 32. Qa5 Nd1 33. Rb1 Nc3 34. Rb6 Qd7 35. Rb3 Qc6 36. h4 Rc7 37. h5 Kg7 38. Rb6 Qd7 39. Rb3 Qc6 40. Rb6 Qd7 41. hxg6 hxg6 42. Qb4 Ne4 43. Bxe4 dxe4 44. Qb5 Qxb5 45. Rxb5 f5 46. g4 Kf6 47. Kg3 Kg5 48. f4+ exf3 49. gxf5 gxf5 50. e4 Rc4 51. Rxf5+ Kg6 52. Rd5 Rc3 53. Rb5 Re3 54. Rb6+ Kg5 55. Rb5+ Kg6 56. Re5 Rd3 57. d5 b5 58. Re6+ Kf7 59. Rb6 Re3 1/2-1/2

[Event "It (Open) INT"]
[Site "?"]
[Date "2006.05.06"]
[Round "?"]
[White "Nepomniachtchi Ian"]
[Black "Rublevsky Sergei"]
[Result "0-1"]
[WhiteElo "2506"]
[BlackElo "2687"]
[PlyCount "98"]
[EventDate "2006.??.??"]
[Source "www.chesslib.no"]
[SourceDate "2004.05.04"]

1. d4 d5 2. Nf3 Nf6 3. Bg5 Ne4 4. Bf4 c5 5. c3 Qb6 6. Qb3 c4 7. Qxb6 axb6 8. Nbd2 Nxd2 9. Nxd2 b5 10. Bxb8 Rxb8 11. a3 Bf5 12. f3 e6 13. e4 Bg6 14. g3 Be7 15. Rc1 Kd7 16. Bg2 Rbd8 17. O-O Rhe8 18. Rce1 Kc7 19. f4 dxe4 20. Bxe4 Bxe4 21. Nxe4 Rd5 22. Nf2 Kd7 23. Re5 Bd6 24. Re4 f6 25. Rfe1 e5 26. fxe5 fxe5 27. dxe5 Rexe5 28. Rxe5 Bxe5 29. Re2 Kd6 30. Ne4+ Kc6 31. Rd2 Bf6 32. Rxd5 Kxd5 33. Nf2 Bg5 34. Kf1 Be3 35. Nd1 Ke4 36. Ke2 Bg1 37. h3 h5 38. Kf1 Bc5 39. Ke2 g5 40. h4 g4 41. b3 cxb3 42. Nb2 Bxa3 43. Nd3 b2 44. Nf2+ Kf5 45. Nd1 b1=Q 46. Ne3+ Ke4 47. Nd1 Qc2+ 48. Ke1 Kf3 49. c4 Qe2# 0-1

[Event "Wijk aan Zee"]
[Site "?"]
[Date "1971.??.??"]
[Round "?"]
[White "Petrosian, Tigran V"]
[Black "Mecking, Henrique"]
[Result "1-0"]
[WhiteElo "2640"]
[BlackElo "2550"]
[PlyCount "149"]
[EventDate "1971.??.??"]
[Source "www.chesslib.no"]
[SourceDate "2004.05.04"]

1. d4 Nf6 2. Nf3 e6 3. Bg5 c5 4. e3 d5 5. Nbd2 Be7 6. c3 Nc6 7. Bd3 cxd4 8. exd4 h6 9. Bf4 Nh5 10. Be3 Nf6 11. Ne5 Nxe5 12. dxe5 Nd7 13. Bd4 Nc5 14. Bc2 a5 15. Qg4 g6 16. O-O Bd7 17. Rfe1 Qc7 18. a4 Na6 19. Qe2 Kf8 20. Nf3 Kg7 21. Be3 Nc5 22. Nd4 Ra6 23. Bc1 Raa8 24. g3 b6 25. h4 h5 26. Qf3 Qd8 27. Bd2 Qe8 28. Bg5 Qd8 29. Qf4 Rc8 30. Re3 Bxg5 31. hxg5 Ra8 32. Qf6+ Qxf6 33. exf6+ Kh7 34. Kg2 Rae8 35. f4 Rb8 36. Ree1 Nb7 37. Rh1 Kg8 38. Nf3 Nd6 39. Ne5 Be8 40. Bd3 Rc8 41. Kf3 Bc6 42. Rh2 Be8 43. Ke3 Rc7 44. Kd4 Nb7 45. b4 Nd8 46. Rh4 Nb7 47. Ra2 Nd6 48. Rh1 Nb7 49. b5 Nc5 50. Bc2 Nd7 51. Ra3 Nc5 52. c4 Nd7 53. Rc3 Nxe5 54. Kxe5 dxc4 55. Be4 Rc8 56. Kd6 Rc5 57. Rhc1 h4 58. Rxc4 Rxc4 59. Rxc4 hxg3 60. Rc8 Kh7 61. Rc3 Kg8 62. Ke7 Kh7 63. Rxg3 e5 64. Rh3+ Kg8 65. Rxh8+ Kxh8 66. Kxe8 Kg8 67. fxe5 Kh8 68. Kxf7 Kh7 69. Bxg6+ Kh8 70. Bh5 Kh7 71. e6 Kh8 72. e7 Kh7 73. Bg4 Kh8 74. e8=Q+ Kh7 75. Bf5# 1-0

[Event "Biel Open"]
[Site "Biel SUI"]
[Date "1994.??.??"]
[Round "7"]
[White "Chernin, Alexander M"]
[Black "Razuvaev, Yuri S"]
[Result "1/2-1/2"]
[WhiteElo "2630"]
[BlackElo "2555"]
[PlyCount "24"]
[EventDate "1994.07.??"]
[Source "www.chesslib.no"]
[SourceDate "2004.05.04"]

1. d4 Nf6 2. Nf3 e6 3. Bg5 c5 4. e3 d5 5. Nbd2 Nbd7 6. c3 Be7 7. Bd3 b6 8. Ne5 Nxe5 9. dxe5 Nd7 10. Bxe7 Qxe7 11. f4 Bb7 12. O-O O-O 1/2-1/2

[Event "Pardubice"]
[Site "?"]
[Date "1993.??.??"]
[Round "?"]
[White "Malaniuk, V."]
[Black "Stohl, I."]
[Result "1/2-1/2"]
[WhiteElo "2635"]
[BlackElo "2545"]
[PlyCount "91"]
[EventDate "1993.??.??"]
[Source "ChessBase"]
[SourceDate "1993.06.01"]

1. d4 Nf6 2. Nf3 g6 3. Bg5 Bg7 4. Nbd2 d5 5. e3 O-O 6. c3 Nbd7 7. b4 Re8 8. Be2 e5 9. h3 c6 10. O-O a5 11. a3 Qe7 12. Rb1 h6 13. Bh4 Qf8 14. Bg3 Ne4 15. Nxe4 dxe4 16. Nd2 f5 17. Bh2 Qe7 18. Nc4 axb4 19. axb4 Kh7 20. Qd2 Qe6 21. Rfd1 b5 22. Na5 exd4 23. cxd4 Nb6 24. Rdc1 Bd7 25. Bd1 Rec8 26. Bb3 Nd5 27. Nb7 Bf8 28. Nc5 Qe8 29. Ra1 Be6 30. Qb2 Bf7 31. Ra5 Nb6 32. Rca1 Bxb3 33. Qxb3 Nc4 34. Ra7+ Kg8 35. Qa2 Rxa7 36. Qxa7 Bxc5 37. bxc5 Qf7 38. Kf1 Qxa7 39. Rxa7 g5 40. g4 f4 41. exf4 b4 42. f5 b3 43. Kg2 b2 44. Rb7 Rd8 45. Be5 Ra8 46. Bd6 1/2-1/2

[Event "Brno"]
[Site "?"]
[Date "1993.??.??"]
[Round "?"]
[White "Malaniuk, V."]
[Black "Stohl, I."]
[Result "1/2-1/2"]
[WhiteElo "2635"]
[BlackElo "2545"]
[PlyCount "51"]
[EventDate "1993.??.??"]
[Source "ChessBase"]
[SourceDate "1993.06.01"]

1. d4 Nf6 2. Nf3 g6 3. Bg5 Bg7 4. Nbd2 d5 5. c3 O-O 6. e3 Nbd7 7. b4 c6 8. Be2 Re8 9. O-O e5 10. Rc1 a5 11. b5 c5 12. dxe5 Nxe5 13. c4 Nxc4 14. Nxc4 dxc4 15. Qxd8 Rxd8 16. Bxc4 h6 17. Bh4 g5 18. Bg3 Ne4 19. Be5 g4 20. Bxg7 Kxg7 21. Ne5 f6 22. Nf7 Rd7 23. Rfd1 Nd2 24. Be6 Rd3 25. Bc4 Rd7 26. Be6 1/2-1/2

[Event "zt3.3, HeiBei CHN"]
[Site "?"]
[Date "2001.??.??"]
[Round "10"]
[White "Wang Rui"]
[Black "Xu Jun"]
[Result "1/2-1/2"]
[WhiteElo "2525"]
[BlackElo "2655"]
[PlyCount "107"]
[EventDate "2001.??.??"]
[Source "www.chesslib.no"]
[SourceDate "2004.05.04"]

1. d4 Nf6 2. Nf3 g6 3. Bg5 Bg7 4. Nbd2 d5 5. e3 O-O 6. Bd3 Nbd7 7. O-O Re8 8. Re1 c6 9. c3 Nh5 10. e4 dxe4 11. Nxe4 h6 12. Bd2 b6 13. Qc1 Kh7 14. Neg5+ hxg5 15. Nxg5+ Kg8 16. Bxg6 fxg6 17. Ne6 Bb7 18. Nxd8 Raxd8 19. Bh6 Bh8 20. Qg5 Kf7 21. Rad1 Ndf6 22. g4 Ng7 23. Qf4 Kg8 24. Bg5 Nd5 25. Qg3 Rd7 26. h4 Bc8 27. c4 Nc7 28. Qd3 Nce6 29. Rxe6 Nxe6 30. Qxg6+ Ng7 31. Be3 Rd6 32. Qg5 Kh7 33. h5 Nf5 34. Qf4 Nxe3 35. Qf7+ Bg7 36. Qxe8 Bxg4 37. Rd3 Nf5 38. f3 Bh3 39. d5 c5 40. Rd1 Nd4 41. Qxe7 Rd7 42. Qe8 Rd6 43. Qe7 Rd7 44. Qe8 Rd6 45. Rd3 Kh6 46. Re3 Rf6 47. Re7 Nxf3+ 48. Kh1 Ng5 49. Qg8 Rf1+ 50. Kh2 Rf2+ 51. Kg1 Rf1+ 52. Kh2 Rf2+ 53. Kg1 Rf1+ 54. Kh2 1/2-1/2

[Event "WchT 3rd"]
[Site "Luzern"]
[Date "1993.??.??"]
[Round "9"]
[White "Malaniuk, Vladimir P"]
[Black "Lin Weiguo"]
[Result "1-0"]
[WhiteElo "2635"]
[BlackElo "2540"]
[PlyCount "157"]
[EventDate "1993.10.??"]
[Source "ChessBase"]

1. d4 Nf6 2. Nf3 g6 3. Bg5 Bg7 4. c3 O-O 5. Nbd2 d5 6. e3 Nbd7 7. Be2 Re8 8. O-O e5 9. Bh4 c6 10. Rc1 Qb6 11. Qb3 exd4 12. cxd4 Ne4 13. Bd3 Ndf6 14. Qc2 Nxd2 15. Nxd2 a5 16. Rb1 Be6 17. a3 a4 18. b4 axb3 19. Nxb3 Bc8 20. Ra1 Qc7 21. a4 Ne4 22. Rfc1 Bf8 23. Bxe4 Rxe4 24. Bg3 Qd8 25. a5 Ra6 26. Qc3 Re6 27. Rcb1 h5 28. h3 h4 29. Be5 Qg5 30. Nd2 Re8 31. Kh1 Qf5 32. f3 Bh6 33. Re1 Qh5 34. Kg1 Ra8 35. a6 bxa6 36. Qxc6 Be6 37. Rxa6 Rac8 38. Qa4 Qf5 39. Nf1 Bd7 40. Qa5 Qd3 41. Ra7 Be6 42. Rc7 Rxc7 43. Qxc7 Bg5 44. Kh2 Rc8 45. Qa5 Bd8 46. Qa4 Kh7 47. Qb4 Qc2 48. Kg1 Qa2 49. Qb1 Qa3 50. Qa1 Qd3 51. Rc1 Rxc1 52. Qxc1 Qc4 53. Qb1 Be7 54. Qb7 Qb4 55. Qa8 f6 56. Bc7 Qb5 57. Qa7 Qd7 58. Qb6 Kg7 59. e4 dxe4 60. fxe4 Bf7 61. Nd2 Qa4 62. Nf3 Qa3 63. Kh2 Qe3 64. Qc6 g5 65. e5 f5 66. Bd6 Bd8 67. Qd7 g4 68. hxg4 Qf4+ 69. Kh1 Qc1+ 70. Ng1 h3 71. Bf8+ Kg8 72. Qxd8 hxg2+ 73. Kxg2 Qc2+ 74. Kg3 f4+ 75. Kh4 Qf2+ 76. Kg5 f3 77. Nh3 Qc2 78. Bh6+ Kh7 79. Qf6 1-0

[Event "Dortmund op-A"]
[Site "Dortmund GER"]
[Date "1993.??.??"]
[Round "5"]
[White "Malaniuk, Vladimir P"]
[Black "Khenkin, Igor"]
[Result "1/2-1/2"]
[WhiteElo "2600"]
[BlackElo "2575"]
[PlyCount "27"]
[EventDate "1993.04.??"]
[Source "www.chesslib.no"]
[SourceDate "2004.05.04"]

1. d4 Nf6 2. Nf3 g6 3. Bg5 Bg7 4. Nbd2 O-O 5. c3 d5 6. e3 Nbd7 7. Be2 Qe8 8. O-O e5 9. Nb3 c6 10. Bh4 a5 11. a4 h6 12. Nxe5 Nxe5 13. dxe5 Qxe5 14. Nd4 1/2-1/2

[Event "European Club Cup 2002"]
[Site "?"]
[Date "2002.09.27"]
[Round "6.99"]
[White "Chuchelow Vladimir"]
[Black "Avrukh Boris"]
[Result "1/2-1/2"]
[WhiteElo "2591"]
[BlackElo "2582"]
[PlyCount "53"]
[EventDate "2002.??.??"]
[Source "www.chesslib.no"]
[SourceDate "2004.05.04"]

1. Nf3 g6 2. d4 Nf6 3. Bg5 Bg7 4. Nbd2 O-O 5. c3 d5 6. e3 Nbd7 7. Be2 Re8 8. h3 e5 9. O-O c6 10. Bh4 e4 11. Ne1 Nf8 12. b4 h6 13. Nc2 g5 14. Bg3 Ng6 15. c4 Be6 16. Rb1 Rc8 17. b5 cxb5 18. c5 Nd7 19. a4 b6 20. cxb6 Nxb6 21. Bxb5 Bd7 22. Na3 Bf8 23. a5 Bxa3 24. axb6 axb6 25. Bxd7 Qxd7 26. Rxb6 Re6 27. Rxe6 1/2-1/2

[Event "Yerevan ARM"]
[Site "?"]
[Date "1996.09.27"]
[Round "11"]
[White "Speelman Jonathan S"]
[Black "Cramling Pia SWE"]
[Result "1/2-1/2"]
[WhiteElo "2625"]
[BlackElo "2545"]
[PlyCount "75"]
[EventDate "1996.??.??"]
[Source "www.chesslib.no"]
[SourceDate "2004.05.04"]

1. d4 Nf6 2. Nf3 g6 3. Bg5 Bg7 4. Nbd2 d5 5. e3 c5 6. c3 Qb6 7. Qb3 O-O 8. Be2 Nc6 9. O-O Bf5 10. dxc5 Qxc5 11. Nd4 Bc8 12. Rfd1 e5 13. Qb5 Qd6 14. N4b3 a6 15. Qd3 Rd8 16. e4 d4 17. cxd4 Nxd4 18. Nxd4 Qxd4 19. Qb3 Be6 20. Bc4 Bxc4 21. Nxc4 Qc5 22. Ne3 Rxd1+ 23. Rxd1 Qb5 24. Qc2 Qe8 25. Rc1 h6 26. Bxf6 Bxf6 27. Nd5 Bd8 28. g3 Rb8 29. Kg2 Qe6 30. Qd3 Kg7 31. Rc3 h5 32. h3 Qe8 33. Qc2 Qe6 34. Rc5 Be7 35. Rc4 Bd8 36. Qd3 Rc8 37. Rxc8 Qxc8 38. Nb4 1/2-1/2

[Event "Polish Extraleague"]
[Site "Lubniewice"]
[Date "2003.09.04"]
[Round "6"]
[White "Macieja, Bartlomiej"]
[Black "Jakubiec, Artur"]
[Result "1/2-1/2"]
[WhiteElo "2627"]
[BlackElo "2537"]
[PlyCount "132"]
[EventDate "2003.08.30"]
[Source "Roberto Alvarez"]
[SourceDate "2003.09.15"]

1. d4 Nf6 2. Nf3 g6 3. Bg5 Bg7 4. Nbd2 d5 5. e3 O-O 6. Bd3 Bg4 7. h3 Bxf3 8. Nxf3 c5 9. c3 Qb6 10. Rb1 cxd4 11. exd4 Qe6+ 12. Be2 Ne4 13. Bf4 Nc6 14. O-O Qd7 15. Re1 e6 16. c4 Rfd8 17. Bf1 Rac8 18. Rc1 Nd6 19. cxd5 exd5 20. Ne5 Nxe5 21. dxe5 Rxc1 22. Bxc1 Ne4 23. Qd4 Qc7 24. Bf4 Bf8 25. b4 Qb6 26. Qxb6 axb6 27. a3 Nc3 28. e6 Be7 29. Bc7 Ra8 30. Be5 Ne4 31. exf7+ Kxf7 32. Re3 Bg5 33. Rd3 Ke6 34. Bd4 Bc1 35. Rd1 Rc8 36. Be2 Kd6 37. Bf3 Nd2 38. Bg4 Rc2 39. Be3 Nb3 40. Bf3 Bd2 41. Bxb6 Ra2 42. Be3 b5 43. h4 Ke5 44. Kh2 d4 45. Bxd2 Nxd2 46. Bc6 d3 47. Bxb5 Kd4 48. a4 Nc4 49. Kg3 Nb2 50. Rb1 d2 51. Be2 Nxa4 52. b5 Nc3 53. Rb4+ Ke5 54. Bf3 d1=Q 55. Bxd1 Nxd1 56. b6 Ra8 57. Rc4 Rb8 58. Rc6 Kf5 59. Kf3 Nb2 60. g4+ Ke5 61. Kg3 Na4 62. Rc7 Nxb6 63. Re7+ Kf6 64. Rxh7 Nd5 65. h5 Rb3+ 66. f3 gxh5 1/2-1/2

[Event "Moscow RUS"]
[Site "?"]
[Date "2006.03.31"]
[Round "7"]
[White "Grigoriants Sergey"]
[Black "Belov Vladimir"]
[Result "1-0"]
[WhiteElo "2550"]
[BlackElo "2608"]
[PlyCount "117"]
[EventDate "2006.??.??"]
[Source "www.chesslib.no"]
[SourceDate "2004.05.04"]

1. d4 Nf6 2. Nf3 g6 3. Bg5 Bg7 4. Nbd2 O-O 5. c3 d5 6. e3 Nbd7 7. Be2 Re8 8. Bh4 e5 9. O-O exd4 10. cxd4 c5 11. Qc2 Qb6 12. Rac1 cxd4 13. Nxd4 Ne5 14. Qb3 Bd7 15. Bxf6 Qxb3 16. N2xb3 Bxf6 17. Nc5 Re7 18. Nxd7 Rxd7 19. b3 Bd8 20. f4 Nc6 21. Bb5 Nxd4 22. Bxd7 Ne2+ 23. Kf2 Nxc1 24. Rxc1 Bb6 25. Kf3 Rd8 26. Rc8 Kf8 27. Rxd8+ Bxd8 28. Bc8 b6 29. Bb7 d4 30. exd4 Bf6 31. Ke4 Ke7 32. Kd5 a5 33. Ba6 h6 34. Be2 Bg7 35. h4 Bf6 36. g3 Kd7 37. h5 gxh5 38. Bxh5 Ke7 39. Kc4 Bg7 40. f5 Bf6 41. d5 Kd6 42. Bxf7 Be5 43. g4 Bf6 44. Be6 Kc7 45. Bg8 Bd8 46. Kb5 Be7 47. Be6 Bf8 48. Bf7 Be7 49. Be8 Bd8 50. Ka6 Be7 51. Ba4 Bd8 52. Kb5 Be7 53. d6+ Bxd6 54. Kc4 Kd8 55. Kd5 Ba3 56. Ke6 Bc1 57. f6 Bb2 58. Kf7 Kc7 59. Ke7 1-0

[Event "Alekhine op"]
[Site "Moscow"]
[Date "1992.??.??"]
[Round "?"]
[White "Malaniuk, Vladimir P"]
[Black "Dolmatov, Sergey"]
[Result "1/2-1/2"]
[WhiteElo "2540"]
[BlackElo "2610"]
[PlyCount "25"]
[EventDate "1992.10.??"]
[Source "ChessBase"]

1. d4 Nf6 2. Nf3 g6 3. Bg5 Bg7 4. Nbd2 d5 5. e3 c5 6. c3 Nbd7 7. Be2 O-O 8. O-O b6 9. a4 a6 10. b4 c4 11. Ne5 Bb7 12. f4 Ne8 13. Bh4 1/2-1/2